Catálogo

HUMANISMO POLITICO : (Registro nro. 50012)

Detalles MARC
000 -LEADER
fixed length control field 00816nam a2200205 a 4500
001 - CONTROL NUMBER
control field 50012
005 - DATE AND TIME OF LATEST TRANSACTION
control field 20180714034924.0
008 - FIXED-LENGTH DATA ELEMENTS--GENERAL INFORMATION
fixed length control field 140415s2001 sp 000 0 spa d
020 ## - INTERNATIONAL STANDARD BOOK NUMBER
International Standard Book Number 8431318724
041 ## - LANGUAGE CODE
Language code of text/sound track or separate title spa
082 ## - DEWEY DECIMAL CLASSIFICATION NUMBER
Classification number 144
Item number LAC
100 1# - MAIN ENTRY--PERSONAL NAME
Personal name LACHANCE, LOUIS
245 10 - TITLE STATEMENT
Title HUMANISMO POLITICO :
Remainder of title INDIVIDUO Y ESTADO EN TOMAS DE AQUINO
250 ## - EDITION STATEMENT
Edition statement 1a ed.
260 ## - PUBLICATION, DISTRIBUTION, ETC.
Place of publication, distribution, etc. ESPAÑA :
Name of publisher, distributor, etc. EUNSA,
Date of publication, distribution, etc. 2001
300 ## - PHYSICAL DESCRIPTION
Extent 239
Dimensions 17 x 2.3 x 24
490 ## - SERIES STATEMENT
Series statement ENSAYOS
520 ## - SUMMARY, ETC.
Summary, etc. HUMANISMO POLÍTICO ES UNA PROPUESTA SISTEMÁTICA SOBRE LA RELACIÓN ENTRE INDIVIDUO Y ESTADO. DEFIENDE QUE LA PERSONA, INTEGRAMENTE CONSIDERADA ENCUENTRA EN LA SOCIEDAD POLÍTICA EL MARCO NATURAL CAPAZ DE REALIZAR CON CIERTA PLENITUD LOS FINES DE LA NATURALEZA HUMANA.
650 14 - SUBJECT ADDED ENTRY--TOPICAL TERM
Topical term or geographic name entry element FILOSOFIA POLITICA
General subdivision POLITICA SOCIAL
Existencias
Withdrawn status Lost status Source of classification or shelving scheme Damaged status Not for loan Collection code Home library Current library Shelving location Date acquired Source of acquisition Inventory number Total Checkouts Full call number Barcode Date last seen Date last checked out Price effective from Koha item type
    Dewey Decimal Classification     General Biblioteca Karol Wojtyla Biblioteca Karol Wojtyla Sala general 03/12/2013 Compra 151000000000000000061022 1 144 LAC 74706 05/01/2026 09/05/2019 03/12/2013 Libro